Fiancial management / (Record no. 155745)

MARC details
000 -LEADER
fixed length control field 00727nam a22002297a 4500
005 - DATE AND TIME OF LATEST TRANSACTION
control field 20180810125202.0
010 ## - LCCN (DPL NO)
LC control number ENG-123719
020 ## - INTERNATIONAL STANDARD BOOK NUMBER
International Standard Book Number 9780198095170
Terms of availability 695.00
035 ## - SYSTEM CONTROL NUMBER
System control number EN-107251
037 ## - SOURCE OF ACQUISITION
Source of stock number/acquisition DBAD/PUB
082 ## - DEWEY DECIMAL CLASSIFICATION NUMBER
Classification number 658.15
100 ## - MAIN ENTRY--PERSONAL NAME
Personal name Banerjee, Arindam
245 ## - TITLE STATEMENT
Title Fiancial management /
Statement of responsibility, etc by Arindam Banerjee; forwarded by Shankar Jadhav
260 ## - PUBLICATION, DISTRIBUTION, ETC. (IMPRINT)
Date of publication, distribution, etc 2016
Place of publication, distribution, etc New Delhi
Name of publisher, distributor, etc Oxford University Press
270 ## - ADDRESS
Address YMCA Library Building, 1 Jai Singh Road,
City New Delhi
Postal code 110001
300 ## - PHYSICAL DESCRIPTION
Dimensions 25cm(pbk)
Extent xxi,656p.
Other physical details ill.
500 ## - GENERAL NOTE
General note It include index
500 ## - GENERAL NOTE
General note Online Resources for teachers and students
700 ## - ADDED ENTRY--PERSONAL NAME
Personal name Jadhav, Shankar
700 ## - ADDED ENTRY--PERSONAL NAME
Personal name
942 ## - ADDED ENTRY ELEMENTS (KOHA)
Item type English Books
Source of classification or shelving scheme Dewey Decimal Classification
Call number suffix BAN
Classification part 658.15
Holdings
Withdrawn status Lost status Not for loan Collection code Home library Current library Date acquired Source of acquisition Cost, normal purchase price Full call number Barcode Copy number Cost, replacement price Koha item type
    Not For Loan Non-fiction D.B.Act.Division Bawana 10/08/2018 DBAD/PUB 695.00 658.15 BAN EN-107251 1 695.00 English Books

© Delhi Public Library
Hit Counter
free hit counter